000 00602nam a2200229Ia 4500
003 OSt
005 20220928124002.0
006 a|||||r|||| 00| 0
007 ta
008 220927b |||||||| |||| 00| 0 eng d
024 _a34671
037 _cTextual
040 _aSDCL
_cSDCL
_beng
041 _2eng
_aeng
082 _aQ29L5, L3
100 _aPandya Naresh
_9463000
245 0 _aPrananath sampradaya evam sahitya.
260 _aJaipur
_bPanchsheel Prakashan
_c1973
300 _axv,332p.
_ccm.
942 _hQ29L5, L3
_cTEXL
_2CC
999 _c775950
_d775950